000
00317nam a2200109Ia 4500
008
171211s9999 xx 000 0 und d
245
_a
Encyclopedia of Geography (6 Volumes)
245
_c
Barney Warf
260
_c
2010
650
_x
Encyclopedia and Dictionary
856
_u
http://down.ebook777.com/057/1412956978.pdf
999
_c
350166
_d
350166